Normal view
MARC view
Entry Topical Term
001 - CONTROL NUMBER
- control field: 23205
003 - CONTROL NUMBER IDENTIFIER
- control field: BD-DhEWU
005 - DATE AND TIME OF LATEST TRANSACTION
- control field: 20181030112755.0
008 - FIXED-LENGTH DATA ELEMENTS
- fixed length control field: 181030|| aca||aabn | a|a d
040 ## - CATALOGING SOURCE
- Original cataloging agency: BD-DhEWU
- Transcribing agency: BD-DhEWU
150 ## - HEADING--TOPICAL TERM
- Topical term or geographic name as entry element: Telecommunication
670 ## - SOURCE DATA FOUND
- Source citation: Work cat.: (BD-DhEWU)5604: Nair, B. Somanathan 10277, Digital signal processing :, 2006.